1478 1823 1760 1030 1659 1259 1491 1479 1805 1402 1852 1608 1073 1053 1728 1990 1756 1583 1091 1635 1388 1620 1920 1480 1137 1536 1717 1630 1119 1525 1703 1052 1327 1975 1249 1167 1503 1517 1887 1146 1879 1012 1827 1387 1325 1793 1427 1486 1481 1171 1070 1368 1127 1996 1882 1037 1825 1355 1693 1597 1654 1045 1234 1835 1993 1447 1346 1635 1700 1486 1773 1341 1573 1248 1438 1283 1234 1173 1861 1185 1014 1915 1447 1833 1181 1728 1843 1552 1765 1681 1646 1295 1293 1349 1477 1006 1165 1852 1471 BCNSPRNW ULIB Ver.6.0+V

เปลี่ยนเป็นภาษาไทย

Change to English
 แสดงรายละเอียดบรรณานุกรม
  กลับหน้าหลัก

Brief Record : Get Marc (ISO 2709) : E-mail record : QR code < ปิดหน้าต่าง
LEADER : 00000nam 2200000uu 4500
001    13399113906
003     ULIB
008    120112s2547||||th 000 0 tha d
020    9749240529
090    ^aนว^bย232 2547
100 0  ^aยาขอบ
240 10 ^a[สามก๊ก]
245 10 ^aจิวยี่ :^bผู้ถ่มน้ำลายรดฟ้า /^cยาขอบ
250    ^aพิมพ์ครั้งที่ 15
260    ^aกรุงเทพฯ :^bดอกหญ้า,^c2547
300    ^a233 หน้า :^bภาพประกอบ ;^c19 ซม.
440  0 ^aสามก๊กฉบับวณิพก
440  0 ^aชุดโครงการอนุรักษ์วรรณกรรมเก่าและหายาก ;^vอันดับที่ 19
650  4 ^aพงศาวดารจีน
650  4 ^aวรรณกรรมกับประวัติศาสตร์^zจีน
650  4 ^aวรรณกรรมจีน
650  4 ^aสามก๊ก^xตัวละครและลักษณะนิสัย
653    ^aจิวยี่
653    ^aOpen Your Eyes Project
945    ^p110^l0^i15402
995    ^aกัณชพร
999 ^a ใช้งานได้ทุกระบบ
รายการนี้ยังไม่มีแท็ก
คุณยังไม่ได้ล็อกอิน คุณสามารถมีกิจกรรมร่วมกับเว็บไซต์ได้ แต่ต้องล็อกอินก่อน ::
  ล็อกอิน

รายการสื่อสารสนเทศ

ลำดับที่ ประเภท เลขเรียก/บาร์โค้ด สถานที่ สถานะ
1. วิทยาศาสตร์การแพทย์ และสุขภาพ
วิทยาศาสตร์การแพทย์ และสุขภาพ
นว ย232 2547  
  Barcode: 15402
ห้องสมุดวิทยาเขตสวรรค์ประชารักษ์
►นวนิยาย
บนชั้น
  ขอยืม

รายการใกล้เคียง
    ผู้แต่ง [ยาขอบ]

    หัวเรื่อง [พงศาวดารจีน]
    หัวเรื่อง [วรรณกรรมจีน]

BibComment


ยังไม่เคยถูกคอมเมนท์

คอมเมนท์ทรัพยากรรายการนี้
  คอมเมนท์: จิวยี่ ผู้ถ่มน้..


 Copyright 2026. Bcnsprnw @Library